Villes de l'Yonne les plus peuplées - Statistiques

Statistiques générales
  • Ce quiz a été pris 202 fois
  • Le résultat moyen est 9 sur 18
Statistiques - réponses
Population Ville % Correct
37 218 Auxerre
100%
25 844 Sens
98%
7 366 Avallon
83%
10 605 Joigny
79%
5 274 Tonnerre
77%
7 373 Migennes
68%
4 993 Saint-Florentin
53%
3 826 Monéteau
48%
5 294 Villeneuve-sur-Yonne
47%
3 125 Pont-sur-Yonne
45%
2 672 Toucy
43%
3 105 Appoigny
38%
4 489 Paron
33%
2 868 Saint-Clément
29%
3 261 Saint-Georges-sur-Baulche
25%
2 924 Villeneuve-la-Guyard
19%
3 151 Brienon-sur-Armançon
18%
2 572 Cheny
8%
Aucun quiz correspondant
Distribution des résultats
% des personnes avec chaque résultat
Percentile par nombre de réponses
Votre historique - résultats
Vous n’avez pas pris ce quiz